Moral hazard, basis risk and reinsurance in securitization
Gespeichert in:
| 1. Verfasser: | |
|---|---|
| Weitere Verfasser: | |
| Format: | Buchkapitel |
| Sprache: | Englisch |
| Tags: |
Keine Tags, Fügen Sie das erste Tag hinzu!
|
MARC
| LEADER | 00000naa$a2200000$$$4500 | ||
|---|---|---|---|
| 001 | 0237417 | ||
| 005 | 20240502073832.3 | ||
| 041 | 0 | |a eng | |
| 044 | |a SK | ||
| 245 | 1 | 0 | |a Moral hazard, basis risk and reinsurance in securitization |c Lenka Smažáková, Ľudovít Pinda |
| 500 | |a Abstrakt | ||
| 100 | 1 | |a Smažáková, Lenka, 1991- | |
| 700 | 1 | |a Pinda, Ľudovít, 1958- | |